[Event "Winnipeg TNT 2018.10"]
[Site "Winnipeg CAN"]
[Date "2018.10.23"]
[Round "4.2"]
[White "Abioye, Oyeyemi"]
[Black "Bince, Rolando"]
[Result "1-0"]
[WhiteElo "1876"]
[BlackElo "1839"]
[PlyCount "95"]
[EventDate "2018.10.02"]
[EventType "swiss"]
[EventRounds "5"]
[EventCountry "CAN"]

1. e4 c5 2. Nf3 Nc6 3. d4 cxd4 4. Nxd4 Nf6 5. Nc3 a6 6. Be3 d6 7. f3 e5 8. Nb3
Be6 9. Qd2 Be7 10. O-O-O Bxb3 11. cxb3 Qa5 12. Kb1 O-O 13. Bc4 Rac8 14. Bd5 Nd7
15. Bxc6 bxc6 16. Nd5 Qd8 17. Nxe7+ Qxe7 18. Qxd6 Qxd6 19. Rxd6 Rc7 20. Rhd1
Nb8 21. Bc5 f6 22. Rd8 Rxd8 23. Rxd8+ Kf7 24. Rxb8 g5 25. Ra8 h5 26. Rxa6 Kg6
27. Ra7 Rc8 28. Rd7 g4 29. a4 f5 30. a5 Kg5 31. a6 fxe4 32. fxe4 Kf4 33. Re7
Kxe4 34. Bd6 Kd5 35. Bxe5 c5 36. a7 Ra8 37. Bb8 h4 38. Kc2 h3 39. g3 Kc6 40.
Kd3 Kb5 41. Kc3 Ka5 42. Kc4 Kb6 43. Rc7 Ka6 44. Kxc5 Ka5 45. b4+ Ka6 46. b5+
Ka5 47. b4+ Ka4 48. b6 1-0

[Event "Winnipeg TNT 2018.10"]
[Site "Winnipeg CAN"]
[Date "2018.10.23"]
[Round "4.3"]
[White "Letain, Cory"]
[Black "Czypinski, Jaroslaw"]
[Result "0-1"]
[WhiteElo "1669"]
[BlackElo "1923"]
[PlyCount "62"]
[EventDate "2018.10.02"]
[EventType "swiss"]
[EventRounds "5"]
[EventCountry "CAN"]

1. e4 d5 2. d4 e6 3. Nc3 dxe4 4. Nxe4 Nf6 5. Nxf6+ Qxf6 6. Nf3 Qd8 7. c4 Bb4+
8. Bd2 Bxd2+ 9. Qxd2 O-O 10. Bd3 Nd7 11. O-O-O c6 12. g4 c5 13. d5 exd5 14.
cxd5 c4 15. Bf5 Nc5 16. Ne5 c3 17. bxc3 Bxf5 18. gxf5 Ne4 19. Qe3 Nxc3 20. Qxc3
Rc8 21. Nc6 bxc6 22. d6 Qg5+ 23. Kb2 Rb8+ 24. Ka1 Qxf5 25. Rhe1 Rfd8 26. Re5
Rxd6 27. Rde1 Qd7 28. Qf3 Re6 29. Rd1 Qe7 30. Ra5 Qb4 31. Qa3 Qd4+ 0-1

[Event "Winnipeg TNT 2018.10"]
[Site "Winnipeg CAN"]
[Date "2018.10.23"]
[Round "4.4"]
[White "Atem, James"]
[Black "Gregoryanz, Philipp"]
[Result "0-1"]
[WhiteElo "1793"]
[BlackElo "1432"]
[PlyCount "84"]
[EventDate "2018.10.02"]
[EventType "swiss"]
[EventRounds "5"]
[EventCountry "CAN"]

1. f4 d5 2. d4 Nc6 3. c3 Bf5 4. Nf3 e6 5. Nbd2 Nf6 6. Nh4 Be4 7. Nxe4 Nxe4 8.
g3 Be7 9. Nf3 Qd7 10. e3 O-O-O 11. Bb5 f6 12. Qa4 Kb8 13. O-O h6 14. Nh4 g5 15.
Ng6 Rhe8 16. fxg5 hxg5 17. Bxc6 Qxc6 18. Qxc6 bxc6 19. Nxe7 Rxe7 20. b3 Rh7 21.
Kg2 Rdh8 22. Rh1 Nxc3 23. Ba3 e5 24. Bb2 exd4 25. exd4 Nb5 26. Raf1 Rf7 27. g4
Re8 28. a4 Nd6 29. Rf2 f5 30. Rhf1 f4 31. h4 Ne4 32. Rc2 gxh4 33. Rxc6 Nd2 34.
Rf2 f3+ 35. Kg1 Re1+ 36. Kh2 Re2 37. Kg1 Rf4 38. Rg6 Ne4 39. Bc1 Nxf2 40. Bxf4
Nh3+ 41. Kf1 Nxf4 42. Rf6 Re4 0-1

[Event "Winnipeg TNT 2018.10"]
[Site "Winnipeg CAN"]
[Date "2018.10.23"]
[Round "4.5"]
[White "Melnyk, Jim"]
[Black "Piche, Zachary"]
[Result "1-0"]
[WhiteElo "1572"]
[BlackElo "1554"]
[PlyCount "41"]
[EventDate "2018.10.02"]
[EventType "swiss"]
[EventRounds "5"]
[EventCountry "CAN"]

1. e4 c5 2. Nf3 d6 3. Bd3 Nf6 4. c3 g6 5. Bc2 Bg7 6. d3 a6 7. O-O O-O 8. Re1
Nc6 9. Nbd2 Bg4 10. h3 Be6 11. d4 cxd4 12. cxd4 d5 13. e5 Nd7 14. Nb3 f6 15.
exf6 Bxh3 16. fxg7 Rxf3 17. Qxf3 Bf5 18. Bxf5 gxf5 19. Qxf5 Nf6 20. Bh6 Nb4 21.
Qe6# 1-0

[Event "Winnipeg TNT 2018.10"]
[Site "Winnipeg CAN"]
[Date "2018.10.23"]
[Round "4.6"]
[White "Flynn, Darren"]
[Black "Furda, Ievgeniia-Diana"]
[Result "0-1"]
[WhiteElo "1352"]
[BlackElo "1570"]
[PlyCount "50"]
[EventDate "2018.10.02"]
[EventType "swiss"]
[EventRounds "5"]
[EventCountry "CAN"]

1. e4 e5 2. Nf3 Nc6 3. Bb5 a6 4. Ba4 Nf6 5. O-O Nxe4 6. Nc3 Nc5 7. Re1 Be7 8.
Bxc6 dxc6 9. Nxe5 Be6 10. d4 Nd7 11. Nxd7 Qxd7 12. Bf4 O-O-O 13. Ne2 g5 14. Bg3
h5 15. h3 f5 16. Be5 Rh7 17. Ng3 g4 18. hxg4 hxg4 19. b3 Bd6 20. c4 Bxe5 21.
dxe5 Qe7 22. Qc2 Qh4 23. Kf1 f4 24. Nf5 Qh5 25. Qe2 Qh1# 0-1

[Event "Winnipeg TNT 2018.10"]
[Site "Winnipeg CAN"]
[Date "2019.14.10"]
[Round "5.1"]
[White "Czypinski, Jaroslaw"]
[Black "Prince, Colin"]
[Result "1-0"]
[WhiteElo "1923"]
[BlackElo "1850"]
[PlyCount "125"]
[EventDate "2018.10.02"]
[EventType "swiss"]
[EventRounds "5"]
[EventCountry "CAN"]

1. e4 e5 2. Nf3 Nc6 3. Nc3 Nf6 4. d4 exd4 5. Nd5 d6 6. Bg5 Be7 7. Bxf6 Bxf6 8.
Bb5 Bd7 9. O-O O-O 10. Bxc6 bxc6 11. Nxf6+ Qxf6 12. Qxd4 Qxd4 13. Nxd4 c5 14.
Ne2 f5 15. Nc3 fxe4 16. Rfe1 Bc6 17. Nxe4 Bxe4 18. Rxe4 Rae8 19. Rae1 Rxe4 20.
Rxe4 Kf7 21. Ra4 Ra8 22. Ra6 Ke6 23. Kf1 Kd5 24. Ke2 c4 25. Kd2 Kc5 26. Ra5+
Kc6 27. Kc3 d5 28. Kd4 Re8 29. Rc5+ Kb6 30. Rxd5 Re2 31. Kc3 Rxf2 32. Rg5 g6
33. h4 c5 34. h5 gxh5 35. Rxh5 Rxg2 36. Rxh7 a5 37. a4 Rf2 38. Rh6+ Kb7 39. Rh4
Kc6 40. Rxc4 Kd5 41. Rh4 Rf3+ 42. Kd2 Rf2+ 43. Kd3 c4+ 44. Rxc4 Rh2 45. Rd4+
Kc5 46. Re4 Rh3+ 47. Re3 Rh4 48. Re5+ Kb4 49. Re4+ Rxe4 50. Kxe4 Kxa4 51. Kd3
Kb4 52. Kd4 a4 53. Kd5 Kb5 54. c4+ Kb4 55. c5 Kb3 56. c6 Kxb2 57. c7 a3 58.
c8=Q a2 59. Qh8+ Kb1 60. Qh1+ Kb2 61. Qg2+ Kb1 62. Kc4 a1=Q 63. Kb3 1-0

[Event "Winnipeg TNT 2018.10"]
[Site "Winnipeg CAN"]
[Date "2018.10.30"]
[Round "5.2"]
[White "Gregoryanz, Philipp"]
[Black "Abioye, Oyeyemi"]
[Result "0-1"]
[WhiteElo "1432"]
[BlackElo "1876"]
[PlyCount "106"]
[EventDate "2018.10.02"]
[EventType "swiss"]
[EventRounds "5"]
[EventCountry "CAN"]

1. e4 e6 2. d4 d5 3. exd5 exd5 4. Nc3 Nf6 5. Nf3 Bg4 6. Be2 c6 7. Bg5 Bb4 8.
Qd3 O-O 9. O-O-O Nbd7 10. h3 Bh5 11. g4 Bg6 12. Qe3 Qa5 13. Kb1 Bxc3 14. Qxc3
Qxc3 15. bxc3 Ne4 16. Rde1 Nxf2 17. Rh2 Ne4 18. Kb2 Nxg5 19. Nxg5 Rfe8 20. Rhh1
h6 21. Nf3 Be4 22. Rhf1 Bxf3 23. Bxf3 Rxe1 24. Rxe1 Kf8 25. Kb3 Nb6 26. h4 Nc4
27. Re2 a5 28. a4 Rb8 29. Ka2 Re8 30. g5 hxg5 31. hxg5 Rxe2 32. Bxe2 Nd6 33.
Bd3 Ne4 34. Bxe4 dxe4 35. Kb2 f5 36. gxf6 gxf6 37. Kc1 e3 38. Kd1 f5 39. Ke2 f4
40. c4 Ke7 41. c3 Ke6 42. Kf3 Kf5 43. c5 e2 44. Kxe2 Ke4 45. Kf2 Kd3 46. Kf3
Kxc3 47. Kxf4 Kxd4 48. Kf5 Kxc5 49. Ke5 Kb4 50. Kd4 b5 51. axb5 cxb5 52. Kd3
Kb3 53. Kd2 Kb2 0-1

[Event "Winnipeg TNT 2018.10"]
[Site "Winnipeg CAN"]
[Date "2018.10.30"]
[Round "5.3"]
[White "Wolchock, Theo"]
[Black "Bince, Rolando"]
[Result "1-0"]
[WhiteElo "2182"]
[BlackElo "1839"]
[PlyCount "115"]
[EventDate "2018.10.02"]
[EventType "swiss"]
[EventRounds "5"]
[EventCountry "CAN"]

1. e4 c5 2. Nc3 Nc6 3. Bb5 e6 4. Nge2 Nge7 5. O-O g6 6. d3 Bg7 7. f4 Nd4 8. Bc4
d5 9. Bb3 O-O 10. Nxd4 Bxd4+ 11. Kh1 b6 12. Ne2 Bg7 13. c3 Bb7 14. Bc2 Qc7 15.
Ng3 f5 16. Qe2 Rae8 17. e5 d4 18. c4 Nc6 19. Bd2 Ra8 20. a3 a5 21. Rab1 Qe7 22.
Qe1 Rfb8 23. Ne2 Bf8 24. Ng1 Qd8 25. Nf3 Be7 26. Qe2 Na7 27. a4 Nc6 28. Kg1 Rc8
29. Kf2 Ra7 30. Rh1 Ba8 31. Rbg1 Kf7 32. g4 Nb4 33. Bxb4 axb4 34. gxf5 Bxf3 35.
fxg6+ hxg6 36. Qxf3 Qh8 37. h4 Qh5 38. Qxh5 gxh5 39. Bd1 Rh8 40. b3 Raa8 41.
Kf3 Rag8 42. Rxg8 Kxg8 43. Ke4 Kf7 44. f5 exf5+ 45. Kxf5 Rh6 46. Bf3 Bf8 47.
Rg1 Ke7 48. Rg5 Rh7 49. Rxh5 Rf7+ 50. Ke4 Bg7 51. Rf5 Rxf5 52. Kxf5 Bh8 53. Ke4
Kd7 54. Kd5 Bg7 55. Bg4+ Ke7 56. Kc6 Bxe5 57. Kxb6 Kd6 58. a5 1-0

[Event "Winnipeg TNT 2018.10"]
[Site "Winnipeg CAN"]
[Date "2018.10.30"]
[Round "5.4"]
[White "Letain, Cory"]
[Black "Melnyk, Jim"]
[Result "1-0"]
[WhiteElo "1669"]
[BlackElo "1572"]
[PlyCount "91"]
[EventDate "2018.10.02"]
[EventType "swiss"]
[EventRounds "5"]
[EventCountry "CAN"]

1. e4 Nc6 2. d4 e5 3. Nf3 Qf6 4. Bg5 Qg6 5. Bd3 Nxd4 6. Nbd2 h6 7. Be3 Qxg2 8.
Rg1 Nxf3+ 9. Nxf3 Qh3 10. Qe2 d6 11. O-O-O Bg4 12. Rg3 Bxf3 13. Qxf3 Qe6 14.
Qe2 Nf6 15. Bc4 Qe7 16. Bb5+ Nd7 17. f4 exf4 18. Bxf4 O-O-O 19. Qc4 Nb6 20. Qb4
d5 21. Qa5 Qxe4 22. Bxc7 Kxc7 23. Rc3+ Kb8 24. Rc4 Qe3+ 25. Kb1 Qg5 26. Rc3 Qg4
27. Rcd3 Be7 28. Rd4 Qg5 29. a4 Bc5 30. h4 Qe5 31. R4d3 Qe7 32. Qc3 a6 33. a5
axb5 34. axb6 d4 35. Qb3 Bxb6 36. Qxb5 Qc5 37. Qa4 g5 38. hxg5 hxg5 39. b4 Qc4
40. Rf1 Rhf8 41. Rf6 Qc7 42. Ra3 Kc8 43. Qb5 Kb8 44. Qa4 Qe5 45. Rxb6 f5 46.
Qa7+ 1-0

[Event "Winnipeg TNT 2018.10"]
[Site "Winnipeg CAN"]
[Date "2018.10.30"]
[Round "5.5"]
[White "Rutter, Blair"]
[Black "Atem, James"]
[Result "1-0"]
[WhiteElo "1966"]
[BlackElo "1793"]
[PlyCount "137"]
[EventDate "2018.10.02"]
[EventType "swiss"]
[EventRounds "5"]
[EventCountry "CAN"]

1. c4 e5 2. g3 Nc6 3. Bg2 Nge7 4. e4 g6 5. Nc3 Nb4 6. d3 c6 7. Be3 d6 8. a3 Na6
9. d4 Bg7 10. d5 c5 11. Nge2 Nc7 12. a4 Bd7 13. O-O O-O 14. Rb1 Na6 15. Nc1 f5
16. f4 fxe4 17. Nxe4 Nf5 18. Bd2 Qc7 19. Nd3 Rae8 20. b3 b6 21. h3 exf4 22.
Bxf4 Bd4+ 23. Kh2 Ne3 24. Bxe3 Bxe3 25. Nf6+ Rxf6 26. Rxf6 Bf5 27. Rxf5 gxf5
28. Qf3 Qf7 29. Rf1 Bd4 30. Qxf5 Qxf5 31. Rxf5 Re3 32. Rf3 Re7 33. h4 Re2 34.
Kh3 Nb8 35. Nf4 Re3 36. Ne6 Nd7 37. Nc7 a5 38. Rxe3 Bxe3 39. Nb5 Kf8 40. Nxd6
Bd4 41. Be4 Nf6 42. Bf5 Be5 43. Ne4 Nxe4 44. Bxe4 h6 45. g4 Bf4 46. Kg2 Ke7 47.
Kf3 Bc1 48. Bf5 Kd6 49. Ke4 Bd2 50. Be6 Bc3 51. Kf5 Bd2 52. g5 hxg5 53. hxg5
Bc3 54. g6 Bg7 55. Bf7 Bd4 56. Kg5 Bg7 57. Kh5 Ke5 58. d6 Kxd6 59. Kg5 Ke5 60.
Bd5 Kd4 61. Kf5 Kc3 62. Bc6 Kxb3 63. Bb5 Kc3 64. Ke6 Kd4 65. Kf7 Bh6 66. g7
Bxg7 67. Kxg7 Ke5 68. Kf7 Kd6 69. Ke8 1-0

[Event "Winnipeg TNT 2018.10"]
[Site "Winnipeg CAN"]
[Date "2018.10.30"]
[Round "5.6"]
[White "Furda, Ievgeniia-Diana"]
[Black "Campbell, Jamie"]
[Result "0-1"]
[WhiteElo "1570"]
[BlackElo "1791"]
[PlyCount "74"]
[EventDate "2018.10.02"]
[EventType "swiss"]
[EventRounds "5"]
[EventCountry "CAN"]

1. e4 d6 2. d4 Nf6 3. Nc3 g6 4. Be3 Bg7 5. Bc4 O-O 6. Nge2 Nxe4 7. Nxe4 d5 8.
Bxd5 Qxd5 9. N4g3 Qxg2 10. Qd2 Rd8 11. O-O-O Nc6 12. f4 Bg4 13. Rdg1 Qd5 14.
Nc3 Qa5 15. Re1 Nxd4 16. Qf2 Nb5 17. Nxb5 Qxb5 18. c3 Rd3 19. Bd4 Bxd4 20. cxd4
Qc4+ 21. Qc2 Qxd4 22. Rxe7 Qxf4+ 23. Kb1 Qd6 24. Ree1 Rxg3 25. Qa4 Bf5+ 26. Ka1
Rg2 27. Qd1 Rd2 28. Qc1 Rd8 29. a3 Be6 30. Kb1 Qd3+ 31. Ka1 Qb3 32. Qb1 Bf5 33.
Qc1 Rc2 34. Qb1 Rdd2 35. Qa2 Rxb2 36. Qxb3 Rxb3 37. Rd1 Rxa3# 0-1

[Event "Winnipeg TNT 2018.10"]
[Site "Winnipeg CAN"]
[Date "2018.10.30"]
[Round "5.7"]
[White "Piche, Zachary"]
[Black "Flynn, Darren"]
[Result "1-0"]
[WhiteElo "1554"]
[BlackElo "1352"]
[PlyCount "69"]
[EventDate "2018.10.02"]
[EventType "swiss"]
[EventRounds "5"]
[EventCountry "CAN"]

1. Nf3 d5 2. c4 Nf6 3. cxd5 Nxd5 4. e4 Nb6 5. d4 Bg4 6. Be2 e6 7. Nc3 Bb4 8. a3
Bxc3+ 9. bxc3 O-O 10. O-O N6d7 11. h3 Bh5 12. Qb3 b6 13. Bf4 c5 14. Rfd1 Qf6
15. Bg5 Qg6 16. g4 Qxe4 17. Qc4 Bg6 18. Nd2 Qd5 19. Bf3 Qxg5 20. Bxa8 Bc2 21.
Nf3 Qg6 22. Rdc1 Bd3 23. Qb3 Nf6 24. Ne5 Bc2 25. Nxg6 Bxb3 26. Nxf8 Kxf8 27.
dxc5 Nbd7 28. cxb6 Nxb6 29. Bg2 Nc4 30. Rab1 Ba4 31. Rb4 Nb6 32. c4 Be8 33. c5
Nbd5 34. Rbc4 Bc6 35. g5 1-0

[Event "Winnipeg op"]
[Site "Winnipeg CAN"]
[Date "2018.06.05"]
[Round "1"]
[White "Baron, Gustav"]
[Black "Piche, Jeremy"]
[Result "1-0"]
[WhiteElo "2250"]
[BlackElo "1591"]
[PlyCount "69"]
[EventDate "2018.06.05"]
[EventType "swiss"]
[EventRounds "8"]
[EventCountry "CAN"]

1. f4 Nf6 2. b3 b6 3. Nf3 c5 4. Bb2 Nc6 5. e3 Bb7 6. Bb5 a6 7. Bxc6 Bxc6 8. O-O
e6 9. Qe2 Be7 10. d3 d6 11. Nbd2 Qc7 12. e4 d5 13. Be5 Qb7 14. Bxf6 gxf6 15. a4
O-O-O 16. e5 f5 17. d4 Rdg8 18. c3 h5 19. Kf2 Rg4 20. g3 Rhg8 21. Rg1 Kb8 22.
Nf1 h4 23. Ne3 hxg3+ 24. hxg3 R4g6 25. Nc2 Ka7 26. b4 cxb4 27. cxb4 a5 28. Qd2
axb4 29. Nxb4 Kb8 30. a5 Bb5 31. Nd3 bxa5 32. Rxa5 Bxd3 33. Qxd3 Qb2+ 34. Ke3
Kc7 35. Rb1 1-0

[Event "Winnipeg op"]
[Site "Winnipeg CAN"]
[Date "2018.06.05"]
[Round "1"]
[White "Einarsson, Ken"]
[Black "Piche, Zachary"]
[Result "1-0"]
[WhiteElo "1849"]
[BlackElo "1430"]
[PlyCount "53"]
[EventDate "2018.06.05"]
[EventType "swiss"]
[EventRounds "8"]
[EventCountry "CAN"]

1. d4 Nf6 2. c4 e6 3. Nc3 Bb4 4. Bd2 c5 5. dxc5 Bxc5 6. Nf3 Qb6 7. e3 Nc6 8.
Na4 Qc7 9. Nxc5 Qb6 10. Na4 Qc7 11. Nc3 b6 12. Nb5 Qd8 13. Nd6+ Ke7 14. Nxc8+
Rxc8 15. Bd3 d6 16. Qc2 h6 17. O-O d5 18. Rfd1 e5 19. Bf5 Rc7 20. Qa4 e4 21.
Nd4 Ne5 22. Bb4+ Rc5 23. Bxc5+ bxc5 24. Qxa7+ Ke8 25. Qxc5 Nxc4 26. Qb5+ Ke7
27. Nc6+ 1-0

[Event "Winnipeg op"]
[Site "Winnipeg CAN"]
[Date "2018.06.05"]
[Round "1"]
[White "Gannon, Keith"]
[Black "Beach, Brock"]
[Result "0-1"]
[WhiteElo "1544"]
[BlackElo "2006"]
[PlyCount "68"]
[EventDate "2018.06.05"]
[EventType "swiss"]
[EventRounds "8"]
[EventCountry "CAN"]

1. e4 e6 2. Nf3 d5 3. exd5 exd5 4. d4 Nf6 5. c3 Be7 6. Bd3 O-O 7. O-O Bg4 8.
Be3 Nbd7 9. Nbd2 c6 10. h3 Bh5 11. Qc2 Qc7 12. Bg5 Bg6 13. Rfe1 Rae8 14. b4 Bd6
15. Bxg6 fxg6 16. Rxe8 Rxe8 17. Re1 Rf8 18. a4 a5 19. bxa5 Qxa5 20. Ne5 Ra8 21.
Nxd7 Nxd7 22. Be7 Re8 23. Bxd6 Rxe1+ 24. Kh2 Nb6 25. Bb4 Qxa4 26. Qxa4 Nxa4 27.
Nf3 Rc1 28. Ne5 Rc2 29. f4 Nxc3 30. Bxc3 Rxc3 31. h4 b5 32. g4 b4 33. f5 gxf5
34. gxf5 b3 0-1

[Event "Winnipeg op"]
[Site "Winnipeg CAN"]
[Date "2018.06.05"]
[Round "1"]
[White "Gregoryanz, Philipp"]
[Black "Prince, Colin"]
[Result "0-1"]
[WhiteElo "1409"]
[BlackElo "1843"]
[PlyCount "66"]
[EventDate "2018.06.05"]
[EventType "swiss"]
[EventRounds "8"]
[EventCountry "CAN"]

1. e4 e5 2. Nf3 Nc6 3. d4 exd4 4. Nxd4 Bc5 5. Nxc6 bxc6 6. Bc4 d6 7. Nc3 Nf6 8.
e5 Ng4 9. O-O Nxe5 10. Re1 O-O 11. Bd3 Qh4 12. Be3 Ng4 13. h3 Nxf2 14. Qf3 Nxd3
15. cxd3 Bxe3+ 16. Rxe3 d5 17. Re2 Ba6 18. Rae1 Qd4+ 19. Re3 Rae8 20. Kh1 Rxe3
21. Rxe3 Qc5 22. Na4 Qc2 23. Qg4 Qc1+ 24. Kh2 Qxe3 25. Nc3 Bxd3 26. h4 f5 27.
Qa4 Rf6 28. Nd1 Qe5+ 29. Kh3 f4 30. Nf2 Bf5+ 31. Kh2 Rh6 32. Qxa7 Rxh4+ 33. Nh3
f3+ 0-1

[Event "Winnipeg op"]
[Site "Winnipeg CAN"]
[Date "2018.06.05"]
[Round "1"]
[White "Leaden, Bruce"]
[Black "Boron, Anthony"]
[Result "0-1"]
[WhiteElo "1564"]
[BlackElo "2028"]
[PlyCount "74"]
[EventDate "2018.06.05"]
[EventType "swiss"]
[EventRounds "8"]
[EventCountry "CAN"]

1. f4 c5 2. Nf3 d5 3. g3 Nc6 4. Bg2 g6 5. O-O Bg7 6. Nc3 Nh6 7. Rb1 O-O 8. d3
e6 9. e4 d4 10. Ne2 Ng4 11. c3 b6 12. h3 Nh6 13. b4 dxc3 14. bxc5 bxc5 15. e5
Ba6 16. Ne1 Rc8 17. Be3 Nd4 18. Nxc3 Nhf5 19. Bf2 Qa5 20. Ne4 Rfd8 21. g4 Ne7
22. Nd6 Rb8 23. Bxd4 cxd4 24. Nf3 Nd5 25. Rxb8 Rxb8 26. Rf2 Ne3 27. Qd2 Rb1+
28. Kh2 Qc5 29. Ne4 Qb6 30. Ng3 Rd1 31. Qb2 Rxd3 32. Qxb6 axb6 33. Ne2 Nd1 34.
Rf1 Bb7 35. Nexd4 Ne3 36. Rb1 Nxg2 37. Kxg2 Rxd4 0-1

[Event "Winnipeg op"]
[Site "Winnipeg CAN"]
[Date "2018.06.05"]
[Round "1"]
[White "Lei, Yanyu"]
[Black "Klokow, John"]
[Result "0-1"]
[WhiteElo "1337"]
[BlackElo "1767"]
[PlyCount "106"]
[EventDate "2018.06.05"]
[EventType "swiss"]
[EventRounds "8"]
[EventCountry "CAN"]

1. d4 Nf6 2. c4 g6 3. Nc3 d5 4. Bg5 dxc4 5. e4 Bg7 6. Bxc4 c6 7. Nge2 O-O 8.
Qd2 Nbd7 9. Bh6 Nb6 10. Bd3 Be6 11. Bxg7 Kxg7 12. f3 Bc4 13. g4 Bxd3 14. Qxd3
e5 15. O-O-O exd4 16. Qxd4 Qxd4 17. Nxd4 Rad8 18. h4 Nc4 19. h5 Ne5 20. hxg6
hxg6 21. Nce2 c5 22. g5 Nh7 23. f4 cxd4 24. fxe5 d3 25. Nf4 Nxg5 26. Rhe1 Nf3
27. Re3 Nxe5 28. Nxd3 Rxd3 29. Rdxd3 Nxd3+ 30. Rxd3 Rc8+ 31. Kd2 Rc7 32. Ra3 a6
33. Rg3 Kf6 34. Rg4 Ke5 35. Rh4 Rc4 36. Kd3 Rd4+ 37. Ke3 f5 38. Rh7 Rxe4+ 39.
Kf3 Rb4 40. b3 g5 41. Rh5 g4+ 42. Kg3 Rd4 43. Rh2 Rd3+ 44. Kh4 Rh3+ 45. Rxh3
gxh3 46. Kxh3 Ke4 47. Kg3 Ke3 48. Kg2 f4 49. Kf1 b5 50. a3 a5 51. a4 bxa4 52.
bxa4 Kf3 53. Ke1 Kg2 0-1

[Event "Winnipeg op"]
[Site "Winnipeg CAN"]
[Date "2018.06.05"]
[Round "1"]
[White "Magyar, Peter"]
[Black "Ma, Derek"]
[Result "0-1"]
[WhiteElo "1487"]
[BlackElo "1961"]
[PlyCount "82"]
[EventDate "2018.06.05"]
[EventType "swiss"]
[EventRounds "8"]
[EventCountry "CAN"]

1. d4 Nf6 2. Bf4 e6 3. e3 d5 4. Be2 c5 5. c3 Nc6 6. Nd2 cxd4 7. cxd4 Bd6 8. Bg3
O-O 9. Ngf3 b6 10. Ne5 Bxe5 11. Bxe5 Nxe5 12. dxe5 Nd7 13. f4 Qh4+ 14. g3 Qe7
15. O-O Bb7 16. Bf3 Nc5 17. Nb3 Rac8 18. Nd4 Ba6 19. Be2 Bxe2 20. Qxe2 Ne4 21.
Rac1 Qb7 22. Rc2 Rxc2 23. Nxc2 Rc8 24. Nd4 Rc4 25. f5 exf5 26. Rxf5 Qd7 27. Qf3
g6 28. e6 fxe6 29. Re5 Qf7 30. Kg2 Qxf3+ 31. Nxf3 Kf7 32. Nd4 Nc5 33. Nf3 Kf6
34. Rg5 h6 35. Rxg6+ Kxg6 36. Ne5+ Kf5 37. Nxc4 dxc4 38. Kf3 Nd3 39. e4+ Ke5
40. b3 c3 41. Ke3 c2 0-1

[Event "Winnipeg op"]
[Site "Winnipeg CAN"]
[Date "2018.06.05"]
[Round "1"]
[White "Remillard, John"]
[Black "Wiebe, Isaac"]
[Result "0-1"]
[WhiteElo "1605"]
[BlackElo "2274"]
[PlyCount "45"]
[EventDate "2018.06.05"]
[EventType "swiss"]
[EventRounds "8"]
[EventCountry "CAN"]

1. Nf3 d5 2. g3 Nf6 3. Bg2 e6 4. d4 Be7 5. c4 O-O 6. c5 b6 7. b4 a5 8. Ba3 axb4
9. Bxb4 Na6 10. Qd2 Ne4 11. Qb2 bxc5 12. dxc5 Nxb4 13. Qxb4 Bxc5 14. Qb2 Bxf2+
15. Kd1 Bb6 16. Rf1 Ba6 17. Nc3 Ba5 18. Rc1 Qf6 19. Na4 Qxb2 20. Nxb2 Nc3+ 21.
Kc2 Nxa2 22. Ra1 Nb4+ 23. Kd1 0-1

[Event "Winnipeg op"]
[Site "Winnipeg CAN"]
[Date "2018.06.05"]
[Round "1"]
[White "Rutter, Blair"]
[Black "Marshall, Ken"]
[Result "1-0"]
[WhiteElo "1987"]
[BlackElo "1500"]
[PlyCount "65"]
[EventDate "2018.06.05"]
[EventType "swiss"]
[EventRounds "8"]
[EventCountry "CAN"]

1. c4 e5 2. g3 Nc6 3. Bg2 Nf6 4. e4 Bc5 5. Ne2 d6 6. O-O Be6 7. d3 Qd7 8. Nbc3
a6 9. Bg5 Bh3 10. Bxf6 gxf6 11. Nd5 Qc8 12. Nxc7+ Qxc7 13. Bxh3 Qb6 14. Rb1 h5
15. Bf5 h4 16. Kg2 hxg3 17. hxg3 Ke7 18. Nc3 Qa7 19. Nd5+ Kd8 20. Nxf6 Nd4 21.
Bh3 Ne6 22. Qd2 Ke7 23. Nd5+ Kd8 24. b4 Bd4 25. Bxe6 fxe6 26. Qg5+ Kc8 27. Qg7
Rh2+ 28. Kxh2 exd5 29. cxd5 Bxf2 30. Rbc1+ Kd8 31. Qf8+ Kd7 32. Qf7+ Kd8 33.
Rxf2 1-0

[Event "Winnipeg op"]
[Site "Winnipeg CAN"]
[Date "2018.06.05"]
[Round "1"]
[White "Tarasoff, Shawn"]
[Black "Flynn, Darren"]
[Result "1-0"]
[WhiteElo "1796"]
[BlackElo "1357"]
[PlyCount "89"]
[EventDate "2018.06.05"]
[EventType "swiss"]
[EventRounds "8"]
[EventCountry "CAN"]

1. d4 d5 2. Nc3 Nf6 3. g3 Bf5 4. Bg2 e6 5. Nf3 Bb4 6. Bd2 O-O 7. a3 Ba5 8. O-O
Nc6 9. e3 Ne4 10. b4 Nxd2 11. Qxd2 Bb6 12. Nh4 Ne7 13. Na4 c6 14. Nxb6 Qxb6 15.
Rfc1 Qa6 16. Bf1 b5 17. a4 Qb7 18. axb5 cxb5 19. Nxf5 Nxf5 20. Bd3 Nd6 21. Qe2
Nc4 22. e4 Rfe8 23. e5 Qb6 24. Bxc4 bxc4 25. c3 a5 26. Qa2 a4 27. Qa3 h6 28. f4
Qb5 29. Qb2 Ra7 30. Ra3 Rf8 31. Qc2 f5 32. exf6 Rxf6 33. Rca1 Rf8 34. Rxa4 Rxa4
35. Rxa4 Rb8 36. Ra5 Qe8 37. Qe2 Qg6 38. Qe1 Kf7 39. Ra7+ Ke8 40. Qe5 Rd8 41.
Rxg7 Qb1+ 42. Kg2 Qc2+ 43. Kh3 Qxc3 44. Qxe6+ Kf8 45. Qe7# 1-0

[Event "Winnipeg op"]
[Site "Winnipeg CAN"]
[Date "2018.06.12"]
[Round "2"]
[White "Boron, Anthony"]
[Black "Tarasoff, Shawn"]
[Result "1-0"]
[WhiteElo "2028"]
[BlackElo "1796"]
[PlyCount "79"]
[EventDate "2018.06.05"]
[EventType "swiss"]
[EventRounds "8"]
[EventCountry "CAN"]

1. b3 e5 2. Bb2 Nc6 3. e3 d5 4. Bb5 Bd6 5. Nf3 Qe7 6. Nc3 Nf6 7. h3 Bd7 8. O-O
a6 9. Be2 O-O 10. d3 Rfe8 11. e4 dxe4 12. dxe4 Qf8 13. a3 Rad8 14. Bd3 h6 15.
b4 b5 16. Bc1 Nd4 17. Be3 c5 18. bxc5 Bxc5 19. Nb1 Bc6 20. Nbd2 Qe7 21. Ne1 Qb7
22. a4 Nxe4 23. axb5 axb5 24. Qg4 f5 25. Qh4 f4 26. Nxe4 Bxe4 27. Bxd4 Bxd4 28.
Rb1 b4 29. Kh1 Bc3 30. Bxe4 Qxe4 31. Nd3 Rd6 32. Qh5 Rg6 33. f3 Qc6 34. Nxb4
Bxb4 35. Rxb4 Rg5 36. Rb6 Qxc2 37. Qxe8+ Kh7 38. Rg1 e4 39. Qxe4+ Qxe4 40. fxe4
1-0

[Event "Winnipeg op"]
[Site "Winnipeg CAN"]
[Date "2018.06.12"]
[Round "2"]
[White "Furda, Ievgeniia-Diana"]
[Black "He, Michael"]
[Result "1-0"]
[WhiteElo "1520"]
[BlackElo "1375"]
[PlyCount "37"]
[EventDate "2018.06.05"]
[EventType "swiss"]
[EventRounds "8"]
[EventCountry "CAN"]

1. e4 e6 2. d4 d5 3. Nc3 Bb4 4. e5 Bxc3+ 5. bxc3 Ne7 6. Qg4 O-O 7. Bd3 g6 8. h4
h5 9. Qf4 Nf5 10. Bxf5 exf5 11. Qh6 c5 12. Bg5 f6 13. Qxg6+ Kh8 14. Bxf6+ Rxf6
15. exf6 Qf8 16. Qxh5+ Kg8 17. Qg5+ Kf7 18. h5 Nd7 19. Qg6+ 1-0

[Event "Winnipeg op"]
[Site "Winnipeg CAN"]
[Date "2018.06.12"]
[Round "2"]
[White "Klokow, John"]
[Black "Wolchock, Theo"]
[Result "0-1"]
[WhiteElo "1767"]
[BlackElo "2021"]
[PlyCount "72"]
[EventDate "2018.06.05"]
[EventType "swiss"]
[EventRounds "8"]
[EventCountry "CAN"]

1. e4 e5 2. Nf3 Nc6 3. Bb5 Nf6 4. O-O Nxe4 5. d4 Nd6 6. Bxc6 dxc6 7. dxe5 Nf5
8. Qxd8+ Kxd8 9. Nc3 Ke8 10. Bf4 Be6 11. Rad1 h5 12. Ng5 Rh6 13. a3 Be7 14.
Rfe1 Rg6 15. Nxe6 Rxe6 16. Ne4 Rd8 17. Rxd8+ Kxd8 18. Ng5 Rg6 19. Nxf7+ Ke8 20.
e6 Nd4 21. Kf1 Nxe6 22. Ne5 Nxf4 23. Nxg6 Nxg6 24. g3 Kf7 25. f4 Bf6 26. Re3
Ne7 27. c4 Nf5 28. Rd3 Ke6 29. b3 b5 30. Kf2 bxc4 31. bxc4 Nd6 32. Re3+ Kf7 33.
Rb3 Nxc4 34. Rb7 Bd4+ 35. Kf3 Bb6 36. a4 a5 0-1

[Event "Winnipeg op"]
[Site "Winnipeg CAN"]
[Date "2018.06.12"]
[Round "2"]
[White "Ma, Derek"]
[Black "Letain, Cory"]
[Result "1-0"]
[WhiteElo "1961"]
[BlackElo "1733"]
[PlyCount "49"]
[EventDate "2018.06.05"]
[EventType "swiss"]
[EventRounds "8"]
[EventCountry "CAN"]

1. e4 e5 2. Bc4 Nf6 3. d3 Be7 4. Nf3 Nc6 5. O-O O-O 6. Re1 d5 7. exd5 Nxd5 8.
Nxe5 Nxe5 9. Rxe5 Be6 10. Qe2 Qd7 11. Bxd5 Bxd5 12. Rxe7 Rfe8 13. Rxd7 Rxe2 14.
Kf1 Rxc2 15. Nc3 c6 16. Nxd5 cxd5 17. Rxd5 Rac8 18. Be3 Rxb2 19. Rc5 Rd8 20.
Rac1 h6 21. Rc8 Rxc8 22. Rxc8+ Kh7 23. Rc7 a6 24. Bd4 Rb4 25. Bc3 1-0